000 00679nam a2200253Ia 4500
003 OSt
005 20221005031629.0
006 a|||||r|||| 00| 0
007 ta
008 221004b |||||||| |||| 00| 0 tam d
020 _c1.75
024 _a64484
037 _cTextual
040 _aCRL
_cCRL
_btam
041 _2tam
_atam
082 _aO31,1M82x:g, J7
100 _aSrinivasan R. Au.
_9584052
245 0 _aBharathi Paadiya Paavalar
260 _aChennai
_bKalaimagal Kariyalayam India
_c1957
300 _a152p.
_ccm.
650 _aTAMIL LITERATURE
942 _hO31,1M82x:g, J7
_cTEXL
_2cc
999 _c938139
_d938139